Primer congreso argentino de medicina social : informe especial /

Guardado en:
Autor Corporativo: Congreso argentino de medicina social. 1
Formato: Libro
Idioma:Spanish
Publicado: La Plata : Ministerio de bienestar social. Dirección de investigaciones y planeamiento, 1971.
Etiquetas: Agregar Etiqueta
Sin Etiquetas, Sea el primero en etiquetar este registro!
LEADER 00639nam a22001575a 4500
001 EUN.um031508
003 AR-BaUNS
005 20050623122906.0
008 041125s1971####ag############000#0#spa#d
245 1 0 |a Primer congreso argentino de medicina social :  |b informe especial /  |c Congreso argentino de medicina social. 1. 
260 |a La Plata :  |b Ministerio de bienestar social. Dirección de investigaciones y planeamiento,  |c 1971. 
300 |a Paginación varia. 
082 0 4 |a 614.2 
082 0 4 |a 360 
110 2 |a Congreso argentino de medicina social. 1  |c Buenos Aires, 10-15 marzo de 1971. 
859 |a Ar-BaUNS  |b BIB. CENTRAL - Sector C  |h 614.2  |i C76  |p 66473/973  |v 1